[Event "FIN Team Cup"]
[Site "Finland"]
[Date "2014.04.12"]
[Round "2.3"]
[White "Seppanen, Ville"]
[Black "Rautanen, Sari"]
[Result "1/2-1/2"]
[WhiteElo "2024"]
[BlackElo "1954"]
[PlyCount "56"]
[EventDate "2014.03.29"]
[EventType "team-k.o."]
[EventRounds "6"]
[EventCountry "FIN"]
[SourceTitle "EXT 2022"]
[Source "ChessBase"]
[SourceDate "2021.10.06"]
[SourceVersion "1"]
[SourceVersionDate "2021.10.06"]
[SourceQuality "1"]
[WhiteTeam "Helsinki HSK III"]
[BlackTeam "Vantaa EtVaS II"]
[WhiteTeamCountry "FIN"]
[BlackTeamCountry "FIN"]

1. d4 d6 2. e4 Nf6 3. Nc3 e5 4. Nf3 Nbd7 5. Bc4 Be7 6. 0-0 0-0 7. h3 c6 8. a4 Nxe4 9. Nxe4 d5 10. Bb3 dxe4 11. Nxe5 Nxe5 12. dxe5 Bc5 13. Qe2 Bf5 14. Bf4 Qh4 15. Be3 Qe7 16. Bxc5 Qxc5 17. e6 fxe6 18. g4 Bg6 19. Bxe6+ Kh8 20. Ra3 Rf6 21. Rc3 Qe5 22. Bc4 Raf8 23. Qd2 Rd6 24. Qc1 Rfd8 25. Re3 Qc5 26. Be2 h6 27. b3 Qb4 28. Rd1 a5 1/2-1/2

[Event "Helsinki We ESK Group A"]
[Site "Helsinki"]
[Date "2013.12.08"]
[Round "7"]
[White "Hallman, Valo"]
[Black "Rautanen, Sari"]
[Result "1-0"]
[WhiteElo "1669"]
[BlackElo "1960"]
[PlyCount "103"]
[EventDate "2013.12.05"]
[EventType "swiss"]
[EventRounds "7"]
[EventCountry "FIN"]
[SourceTitle "EXT 2022"]
[Source "ChessBase"]
[SourceDate "2021.10.06"]
[SourceVersion "1"]
[SourceVersionDate "2021.10.06"]
[SourceQuality "1"]

1. c4 e5 2. g3 Nc6 3. Bg2 g6 4. Nc3 Bg7 5. d3 d6 6. e4 Nge7 7. Nge2 0-0 8. 0-0 Be6 9. Nd5 Qd7 10. f4 f5 11. Rb1 a5 12. b3 Nd4 13. Nxd4 exd4 14. Nxe7+ Qxe7 15. exf5 Bxf5 16. Bxb7 Rab8 17. Bc6 Bh3 18. Re1 Qf6 19. Rb2 g5 20. fxg5 Qg6 21. Be4 Bf5 22. Bxf5 Rxf5 23. Bf4 Be5 24. Bxe5 dxe5 25. Rf1 Qxg5 26. Rxf5 Qxf5 27. Rf2 Qg5 28. Qd2 Qxd2 29. Rxd2 Kf7 30. Kg2 Ke6 31. g4 c5 32. Kg3 e4 33. dxe4 Ke5 34. Kf3 Rf8+ 35. Ke2 Kxe4 36. Rd1 Rf3 37. Rg1 d3+ 38. Ke1 Re3+ 39. Kd1 Re2 40. Re1 Rxe1+ 41. Kxe1 Kf4 42. Kd2 Kxg4 43. a3 Kh3 44. b4 cxb4 45. axb4 axb4 46. c5 Kxh2 47. c6 h5 48. c7 h4 49. c8Q h3 50. Qg4 b3 51. Kxd3 b2 52. Kc2 1-0

[Event "EU-chT (Women) 19th"]
[Site "Warsaw"]
[Date "2013.11.16"]
[Round "8.15"]
[White "Rautanen, Sari"]
[Black "Kaplan, Ebru"]
[Result "1/2-1/2"]
[WhiteElo "1956"]
[BlackElo "1882"]
[PlyCount "81"]
[EventDate "2013.11.08"]
[EventType "team-swiss"]
[EventRounds "9"]
[EventCountry "POL"]
[SourceTitle "EXT 2014"]
[Source "ChessBase"]
[SourceDate "2013.11.20"]
[SourceVersion "1"]
[SourceVersionDate "2013.11.20"]
[SourceQuality "1"]
[WhiteTeam "Finland (W)"]
[BlackTeam "Turkey (W)"]
[WhiteTeamCountry "FIN"]
[BlackTeamCountry "TUR"]

1. Nf3 Nf6 2. g3 c5 3. Bg2 Nc6 4. 0-0 d5 5. d3 e5 6. Nbd2 Be7 7. e4 dxe4 8. dxe4 0-0 9. c3 Qc7 10. Qc2 b6 11. Re1 Ba6 12. Bf1 Bb7 13. a4 Na5 14. b3 Rfd8 15. Bb2 Ne8 16. Rac1 f6 17. Nh4 Kh8 18. Rcd1 Bc8 19. Nc4 Be6 20. Nxa5 bxa5 21. c4 Rab8 22. Bc3 Qb6 23. Rb1 Nc7 24. Nf5 Bf8 25. Ne3 Na6 26. Nd5 Bxd5 27. exd5 Nb4 28. Qe2 Bd6 29. Bh3 Qc7 30. Qh5 g6 31. Qe2 Rf8 32. Bg2 Rbd8 33. h4 Qf7 34. Bh3 Qg7 35. Bxb4 axb4 36. Be6 a5 37. Kg2 Rb8 38. h5 g5 39. Bf5 h6 40. Qe4 Rbd8 41. g4 1/2-1/2

[Event "EU-chT (Women) 19th"]
[Site "Warsaw"]
[Date "2013.11.11"]
[Round "4.15"]
[White "Stoeri, Laura"]
[Black "Rautanen, Sari"]
[Result "1-0"]
[WhiteElo "2102"]
[BlackElo "1956"]
[PlyCount "125"]
[EventDate "2013.11.08"]
[EventType "team-swiss"]
[EventRounds "9"]
[EventCountry "POL"]
[SourceTitle "EXT 2014"]
[Source "ChessBase"]
[SourceDate "2013.11.20"]
[SourceVersion "1"]
[SourceVersionDate "2013.11.20"]
[SourceQuality "1"]
[WhiteTeam "Switzerland (W)"]
[BlackTeam "Finland (W)"]
[WhiteTeamCountry "SUI"]
[BlackTeamCountry "FIN"]

1. e4 d6 2. d4 Nf6 3. Nc3 e5 4. Nf3 Nbd7 5. Bc4 Be7 6. 0-0 0-0 7. Re1 c6 8. a4 Qc7 9. Ba2 Re8 10. Bg5 h6 11. Bh4 Bf8 12. h3 g6 13. Bg3 Bg7 14. d5 c5 15. Nb5 Qb8 16. a5 a6 17. Na3 b5 18. axb6 Nxb6 19. Nd2 Bd7 20. Bb3 a5 21. c3 a4 22. Bc2 Qc7 23. Nac4 Reb8 24. Nxb6 Qxb6 25. Ra2 Bf8 26. Qf3 Be7 27. Rea1 Nh5 28. Nc4 Qa6 29. Bd3 Qb7 30. Ne3 Kg7 31. Kh2 Bg5 32. h4 Bxe3 33. Qxe3 f5 34. exf5 gxf5 35. Qf3 Nxg3 36. Qxg3+ Kh7 37. Bc4 Rg8 38. Qd3 Rg4 39. b3 Rxh4+ 40. Kg1 e4 41. Qg3 Rg4 42. Qxd6 Rag8 43. Bf1 Bb5 44. c4 Qg7 45. Qh2 Qg5 46. cxb5 Rh4 47. Qe5 Qh5 48. f3 Rh1+ 49. Kf2 Qh4+ 50. Ke3 Qg5+ 51. Qf4 Qf6 52. Qc7+ Rg7 53. Qxc5 f4+ 54. Kd2 e3+ 55. Ke2 Qh4 56. Qc2+ Kh8 57. Qc8+ Kh7 58. Qc2+ Kh8 59. Kd3 Qf6 60. Rxa4 Qf5+ 61. Kc3 Qe5+ 62. Kb4 Qd4+ 63. Qc4 1-0

[Event "Jarvenpaa We JarvSK"]
[Site "Jarvenpaa"]
[Date "2013.??.??"]
[Round "3"]
[White "Harju, Antero"]
[Black "Rautanen, Sari"]
[Result "0-1"]
[WhiteElo "1996"]
[BlackElo "1960"]
[PlyCount "48"]
[EventDate "2013.??.??"]
[EventType "swiss"]
[EventRounds "5"]
[EventCountry "FIN"]
[SourceTitle "EXT 2022"]
[Source "ChessBase"]
[SourceDate "2021.10.06"]
[SourceVersion "1"]
[SourceVersionDate "2021.10.06"]
[SourceQuality "1"]

1. e4 d6 2. d4 Nf6 3. Nc3 e5 4. Nf3 Nbd7 5. Bc4 Be7 6. Bxf7+ Kxf7 7. Ng5+ Kg8 8. Ne6 Qe8 9. Nxc7 Qg6 10. dxe5 Qxg2 11. Rf1 Nxe5 12. f3 Bh3 13. Rf2 Qg1+ 14. Ke2 Qxd1+ 15. Nxd1 Rc8 16. Nd5 Nxd5 17. exd5 Rxc2+ 18. Bd2 Bh4 19. f4 Nc4 20. b3 Bg4+ 21. Kd3 Bf5+ 22. Ke2 Rxd2+ 23. Kf3 Bxf2 24. Nxf2 Nb6 0-1

[Event "Jarvenpaa We JarvSK"]
[Site "Jarvenpaa"]
[Date "2013.??.??"]
[Round "4"]
[White "Rautanen, Sari"]
[Black "Elomaa, Arto"]
[Result "1/2-1/2"]
[WhiteElo "1960"]
[BlackElo "2056"]
[PlyCount "33"]
[EventDate "2013.??.??"]
[EventType "swiss"]
[EventRounds "5"]
[EventCountry "FIN"]
[SourceTitle "EXT 2022"]
[Source "ChessBase"]
[SourceDate "2021.10.06"]
[SourceVersion "1"]
[SourceVersionDate "2021.10.06"]
[SourceQuality "1"]

1. e4 e5 2. Nf3 Nc6 3. Bc4 Bc5 4. 0-0 Nf6 5. d3 d6 6. c3 0-0 7. Bb3 h6 8. h3 Re8 9. Re1 Bb6 10. Nbd2 Nh5 11. Nc4 Qf6 12. Nxb6 axb6 13. Ng5 hxg5 14. Qxh5 g6 15. Qxg5 Qxg5 16. Bxg5 Be6 17. Bxe6 1/2-1/2

[Event "Neos Marmaras op 4th"]
[Site "Neos Marmaras"]
[Date "2012.04.18"]
[Round "4"]
[White "Rautanen, Sari"]
[Black "Haria, Ravi"]
[Result "0-1"]
[WhiteElo "2005"]
[BlackElo "2060"]
[PlyCount "82"]
[EventDate "2012.04.16"]
[EventType "swiss"]
[EventRounds "9"]
[EventCountry "GRE"]
[SourceTitle "CBM 148 Extra"]
[Source "ChessBase"]
[SourceDate "2012.06.22"]
[SourceVersion "1"]
[SourceVersionDate "2012.06.22"]
[SourceQuality "1"]

1. Nf3 Nf6 2. c4 c5 3. Nc3 d5 4. cxd5 Nxd5 5. d4 cxd4 6. Qxd4 e6 7. e4 Nxc3 8. Qxc3 Nc6 9. a3 Bd7 10. Be3 Rc8 11. Qd3 Be7 12. Be2 0-0 13. 0-0 e5 14. Rfd1 Be6 15. Qb5 Qc7 16. Rac1 a6 17. Qa4 Rfd8 18. h3 Rxd1+ 19. Qxd1 Qa5 20. Bc4 Rd8 21. Qb3 Bxc4 22. Qxc4 Qc7 23. Qb3 Qd7 24. Bb6 Qd3 25. Qa4 Rd7 26. Be3 h6 27. Kh2 Qb5 28. Qc2 Nd4 29. Qb1 Nxf3+ 30. gxf3 Qe2 31. Kg3 Rd6 32. Rg1 Rf6 33. Kh2 Rxf3 34. Rg2 Rxh3+ 35. Kg1 Qh5 36. Kf1 Rh1+ 37. Rg1 Qh2 38. f3 Qh3+ 39. Ke2 Rh2+ 40. Bf2 Bc5 41. Rf1 Qg3 0-1

[Event "Neos Marmaras op 4th"]
[Site "Neos Marmaras"]
[Date "2012.04.16"]
[Round "1"]
[White "Rautanen, Sari"]
[Black "Gogolis, Alexandros"]
[Result "0-1"]
[WhiteElo "2005"]
[BlackElo "2245"]
[PlyCount "104"]
[EventDate "2012.04.16"]
[EventType "swiss"]
[EventRounds "9"]
[EventCountry "GRE"]
[SourceTitle "CBM 148 Extra"]
[Source "ChessBase"]
[SourceDate "2012.06.22"]
[SourceVersion "1"]
[SourceVersionDate "2012.06.22"]
[SourceQuality "1"]

1. Nf3 Nf6 2. g3 d5 3. Bg2 c6 4. d3 Bg4 5. Nbd2 Nbd7 6. 0-0 e5 7. e4 dxe4 8. dxe4 Bc5 9. h3 Bh5 10. c3 0-0 11. Qc2 Re8 12. b4 Bf8 13. Nc4 b5 14. Ne3 a5 15. Bd2 Nb6 16. Rfd1 Nfd7 17. a3 axb4 18. axb4 f6 19. c4 bxc4 20. Nxc4 Bf7 21. Bf1 Qc7 22. Na5 Rec8 23. Rdc1 c5 24. Be3 c4 25. Qc3 Qd6 26. Rcb1 Qe6 27. Rd1 Rc7 28. Ra2 Qe7 29. Bd2 g6 30. Rda1 Qe6 31. Be3 Kg7 32. Nd2 h5 33. h4 Qe8 34. Kh2 Qe7 35. Rb2 Be6 36. Ndb3 Qxb4 37. Qc1 Qe7 38. Bh6+ Kh7 39. Bxf8 Qxf8 40. Rc2 Rac8 41. Nd2 Qb4 42. Rb2 Qc5 43. Nb1 c3 44. Rc2 Qb4 45. Qa3 Qc5 46. Qxc5 Nxc5 47. f3 Nb3 48. Nxb3 Bxb3 49. Rc1 c2 50. Nd2 Ba4 51. Ra2 Rd8 52. Nc4 Rd1 0-1

[Event "FIN-chT 1112"]
[Site "Finland"]
[Date "2012.03.10"]
[Round "10.5"]
[White "Tuononen, Janne"]
[Black "Rautanen, Sari"]
[Result "1-0"]
[WhiteElo "2002"]
[BlackElo "1991"]
[PlyCount "63"]
[EventDate "2011.09.17"]
[EventType "team-tourn"]
[EventRounds "11"]
[EventCountry "FIN"]
[SourceTitle "EXT 2013"]
[Source "ChessBase"]
[SourceDate "2012.11.22"]
[SourceVersion "1"]
[SourceVersionDate "2012.11.22"]
[SourceQuality "1"]
[WhiteTeam "Joensuu SK"]
[BlackTeam "Vantaa"]
[WhiteTeamCountry "FIN"]
[BlackTeamCountry "FIN"]

1. c4 d6 2. Nc3 e5 3. g3 f5 4. Bg2 Nf6 5. d3 Be7 6. e4 Nc6 7. Nge2 0-0 8. 0-0 fxe4 9. dxe4 Be6 10. Nd5 Qd7 11. Qc2 Bd8 12. Be3 Ng4 13. Bd2 Nd4 14. Nxd4 exd4 15. Nf4 Ne5 16. b3 Bg4 17. f3 Bxf3 18. Bxf3 Nxf3+ 19. Rxf3 g5 20. Qd3 gxf4 21. Raf1 Bf6 22. Bxf4 Bg7 23. c5 dxc5 24. Qc4+ Kh8 25. Qxc5 c6 26. Be5 Rxf3 27. Rxf3 Rg8 28. Bxg7+ Qxg7 29. e5 Qg4 30. Kf2 Qe4 31. e6 d3 32. Qc3+ 1-0

[Event "FIN-chT1B 1112"]
[Site "Finland"]
[Date "2012.02.11"]
[Round "6.3"]
[White "Leino, Jukka"]
[Black "Rautanen, Sari"]
[Result "0-1"]
[WhiteElo "2178"]
[BlackElo "1991"]
[PlyCount "56"]
[EventDate "2011.09.17"]
[EventType "team-tourn"]
[EventRounds "7"]
[EventCountry "FIN"]
[SourceTitle "EXT 2019"]
[Source "ChessBase"]
[SourceDate "2018.10.10"]
[SourceVersion "1"]
[SourceVersionDate "2018.10.10"]
[SourceQuality "1"]
[WhiteTeam "Helsinki HSK II"]
[BlackTeam "Vantaa EtVaS II"]
[WhiteTeamCountry "FIN"]
[BlackTeamCountry "FIN"]

1. e4 d6 2. d4 Nf6 3. Nc3 e5 4. Nf3 Nbd7 5. Bc4 Be7 6. 0-0 0-0 7. Re1 c6 8. a4 a5 9. h3 Qc7 10. Bg5 h6 11. Bh4 Re8 12. Bg3 Bf8 13. Qd3 Nh5 14. Bh2 Ndf6 15. Qd2 g5 16. Kh1 Kh7 17. Rad1 Bg7 18. h4 gxh4 19. dxe5 dxe5 20. Nxh4 Ng4 21. f3 Nxh2 22. Kxh2 Bf6 23. Qf2 Qe7 24. Nf5 Bxf5 25. exf5 Bh4 26. Qe3 Bg3+ 27. Kg1 Qh4 28. Bxf7 Bh2+ 0-1

[Event "Helsinki We EtVaS"]
[Site "Helsinki"]
[Date "2012.??.??"]
[Round "5"]
[White "Heikkila, Samu"]
[Black "Rautanen, Sari"]
[Result "1/2-1/2"]
[WhiteElo "1881"]
[BlackElo "1991"]
[PlyCount "71"]
[EventDate "2012.??.??"]
[EventType "swiss"]
[EventRounds "5"]
[EventCountry "FIN"]
[SourceTitle "EXT 2022"]
[Source "ChessBase"]
[SourceDate "2021.10.06"]
[SourceVersion "1"]
[SourceVersionDate "2021.10.06"]
[SourceQuality "1"]

1. g4 d6 2. Bg2 e5 3. c4 c6 4. h3 Be7 5. d4 Qc7 6. Nc3 Nf6 7. e3 h6 8. Nge2 Be6 9. b3 a6 10. a4 d5 11. c5 a5 12. Ba3 Na6 13. Qd2 0-0 14. 0-0 Rad8 15. f4 exd4 16. exd4 Ne4 17. Qc2 f5 18. gxf5 Bxf5 19. Bxe4 dxe4 20. Kg2 Qd7 21. Rh1 Nb4 22. Bxb4 axb4 23. Nxe4 Qd5 24. N2g3 Bh7 25. Kh2 Rxf4 26. Rhe1 Bh4 27. Qg2 Bxg3+ 28. Nxg3 Qxg2+ 29. Kxg2 Rfxd4 30. Ra2 Rd2+ 31. Re2 R2d3 32. Rab2 R8d7 33. Ne4 Bxe4+ 34. Rxe4 Rd2+ 35. Rxd2 Rxd2+ 36. Kg1 1/2-1/2

[Event "Hameenlinna We HamSK"]
[Site "Hameenlinna"]
[Date "2011.??.??"]
[Round "4"]
[White "Koskinen, Erkki"]
[Black "Rautanen, Sari"]
[Result "1-0"]
[WhiteElo "1961"]
[BlackElo "1992"]
[PlyCount "59"]
[EventDate "2011.??.??"]
[EventType "swiss"]
[EventRounds "5"]
[EventCountry "FIN"]
[SourceTitle "EXT 2022"]
[Source "ChessBase"]
[SourceDate "2021.10.06"]
[SourceVersion "1"]
[SourceVersionDate "2021.10.06"]
[SourceQuality "1"]

1. d4 d6 2. e4 Nf6 3. Nc3 e5 4. Nf3 Nbd7 5. Bc4 Be7 6. 0-0 0-0 7. Qe2 exd4 8. Nxd4 Ne5 9. Bb3 c5 10. Nf5 Bxf5 11. exf5 Re8 12. Bd5 Rb8 13. f4 Nc6 14. g4 Nxd5 15. Nxd5 Bf6 16. Qg2 Bd4+ 17. Kh1 c4 18. c3 Bc5 19. f6 gxf6 20. g5 fxg5 21. fxg5 Re6 22. Nf6+ Kf8 23. Nxh7+ Ke7 24. g6 Ne5 25. Bg5+ f6 26. Rxf6 Qb6 27. Rf7+ Ke8 28. Rf8+ Kd7 29. Rxb8 Nc6 30. Nf8+ 1-0

[Event "Hameenlinna We HamSK"]
[Site "Hameenlinna"]
[Date "2011.??.??"]
[Round "1"]
[White "Rautanen, Sari"]
[Black "Mertanen, Janne"]
[Result "0-1"]
[WhiteElo "1992"]
[BlackElo "2318"]
[PlyCount "83"]
[EventDate "2011.??.??"]
[EventType "swiss"]
[EventRounds "5"]
[EventCountry "FIN"]
[SourceTitle "EXT 2022"]
[Source "ChessBase"]
[SourceDate "2021.10.06"]
[SourceVersion "1"]
[SourceVersionDate "2021.10.06"]
[SourceQuality "1"]

1. Nf3 c5 2. g3 Nc6 3. Bg2 g6 4. 0-0 Bg7 5. d3 d6 6. e4 e5 7. c3 Nge7 8. Nbd2 0-0 9. Nb3 f5 10. Ne1 f4 11. Nf3 b6 12. d4 Bg4 13. d5 Nb8 14. Qd3 h6 15. h3 Bc8 16. Nbd2 g5 17. Nh2 Nd7 18. a4 Rb8 19. b4 Ng6 20. Nc4 Nf6 21. b5 h5 22. a5 g4 23. h4 Ne8 24. axb6 axb6 25. Bd2 Nxh4 26. gxh4 Qxh4 27. Rfb1 f3 28. Bf1 Rf6 29. Be3 Rg6 30. Kh1 Qf6 31. Qc2 h4 32. Nd2 Bh6 33. Bxh6 Rxh6 34. Ra7 g3 35. Nhxf3 gxf2 36. Qd3 Qf4 37. Qe2 Qg3 38. Qe3 Rg6 39. Re7 Nf6 40. Ra1 h3 41. Raa7 h2 42. Rg7+ 0-1

[Event "FIN-chT1A 1011"]
[Site "Finland"]
[Date "2010.09.18"]
[Round "1.3"]
[White "Rautanen, Sari"]
[Black "Eloranta, Kari"]
[Result "1/2-1/2"]
[WhiteElo "1994"]
[BlackElo "2053"]
[PlyCount "37"]
[EventDate "2010.09.18"]
[EventType "team-tourn"]
[EventRounds "9"]
[EventCountry "FIN"]
[SourceTitle "EXT 2022"]
[Source "ChessBase"]
[SourceDate "2021.10.06"]
[SourceVersion "1"]
[SourceVersionDate "2021.10.06"]
[SourceQuality "1"]
[WhiteTeam "Helsinki I-HSK II"]
[BlackTeam "Jyvaskyla JyS"]
[WhiteTeamCountry "FIN"]
[BlackTeamCountry "FIN"]

1. Nf3 c5 2. g3 Nc6 3. Bg2 g6 4. d3 Bg7 5. e4 e5 6. Nc3 Nge7 7. Be3 d6 8. Qd2 h6 9. 0-0 Be6 10. Ne1 Qa5 11. f4 Nd4 12. Nd5 Qxd2 13. Bxd2 Nxd5 14. exd5 Bd7 15. c3 Nf5 16. fxe5 dxe5 17. Nf3 0-0 18. Rae1 Rfe8 19. Bc1 1/2-1/2

[Event "Helsinki-ch 2010 Group A1 Kanko 75"]
[Site "Helsinki"]
[Date "2009.12.??"]
[Round "4"]
[White "Rautanen, Sari"]
[Black "Torkkola, Henri"]
[Result "1-0"]
[WhiteElo "1981"]
[BlackElo "2023"]
[PlyCount "94"]
[EventDate "2009.12.27"]
[EventType "swiss"]
[EventRounds "4"]
[EventCountry "FIN"]
[SourceTitle "EXT 2022"]
[Source "ChessBase"]
[SourceDate "2021.10.06"]
[SourceVersion "1"]
[SourceVersionDate "2021.10.06"]
[SourceQuality "1"]

1. Nf3 d5 2. d4 Nf6 3. c4 c6 4. Nc3 e6 5. e3 Nbd7 6. Bd3 dxc4 7. Bxc4 b5 8. Bd3 a6 9. a4 b4 10. Ne4 c5 11. Qe2 Bb7 12. Nxc5 Nxc5 13. dxc5 Bxc5 14. e4 Qb6 15. 0-0 0-0 16. e5 Bxf3 17. Qxf3 Nd5 18. Be4 Rad8 19. Bg5 Be7 20. Qh3 g6 21. Bh6 Rfe8 22. Rfd1 Qa5 23. Qb3 Nb6 24. Bf4 Rxd1+ 25. Qxd1 Rd8 26. Qc2 Nd5 27. Bh6 Qb6 28. Rc1 Qd4 29. Rd1 Qxe5 30. g3 f5 31. Bxd5 exd5 32. Qc6 Qf6 33. Qc7 Qd6 34. Qc1 Bf6 35. Bf4 Qd7 36. Qc5 Qe7 37. Qc6 a5 38. b3 Qe2 39. Qc1 Bc3 40. Bd2 Qf3 41. Re1 d4 42. Re7 Qd5 43. Bxc3 Qd6 44. Bxb4 Qxb4 45. Qc7 Qxe7 46. Qxe7 Rf8 47. Qe6+ Rf7 1-0

[Event "FIN-ch op"]
[Site "Mantta"]
[Date "2009.08.04"]
[Round "2"]
[White "Rautanen, Sari"]
[Black "Vehkalahti, Veli"]
[Result "1/2-1/2"]
[WhiteElo "2008"]
[BlackElo "2047"]
[PlyCount "64"]
[EventDate "2009.08.03"]
[EventType "swiss"]
[EventRounds "9"]
[EventCountry "FIN"]
[SourceTitle "EXT 2022"]
[Source "ChessBase"]
[SourceDate "2021.10.06"]
[SourceVersion "1"]
[SourceVersionDate "2021.10.06"]
[SourceQuality "1"]

1. Nf3 d5 2. d4 Nf6 3. c4 c6 4. Nc3 e6 5. e3 Nbd7 6. Bd3 dxc4 7. Bxc4 b5 8. Bd3 a6 9. e4 Bb7 10. 0-0 Be7 11. Qe2 c5 12. d5 exd5 13. e5 0-0 14. exf6 Bxf6 15. Qc2 g6 16. Bh6 Re8 17. Rfe1 Qa5 18. h4 c4 19. Bf1 d4 20. Ne4 Bxe4 21. Rxe4 d3 22. Bxd3 cxd3 23. Qxd3 Ne5 24. Nxe5 Rxe5 25. Rxe5 Bxe5 26. Rd1 Qc7 27. Qd5 Rc8 28. g3 Bf6 29. Qd6 Qxd6 30. Rxd6 Bxb2 31. Rxa6 b4 32. Rb6 Bc3 1/2-1/2

[Event "FIN-ch op"]
[Site "Mantta"]
[Date "2009.08.03"]
[Round "1"]
[White "Nyysti, Sampsa"]
[Black "Rautanen, Sari"]
[Result "1-0"]
[WhiteElo "2375"]
[BlackElo "2008"]
[PlyCount "43"]
[EventDate "2009.08.03"]
[EventType "swiss"]
[EventRounds "9"]
[EventCountry "FIN"]
[SourceTitle "EXT 2022"]
[Source "ChessBase"]
[SourceDate "2021.10.06"]
[SourceVersion "1"]
[SourceVersionDate "2021.10.06"]
[SourceQuality "1"]

1. e4 d6 2. d4 Nf6 3. Nc3 g6 4. Be3 c6 5. h3 b5 6. e5 Nfd7 7. f4 Bb7 8. Nf3 Bg7 9. Bd3 Nb6 10. e6 f6 11. f5 b4 12. Ne4 Nd5 13. Bd2 Ba6 14. Bxa6 Nxa6 15. Nh4 Qb6 16. Qg4 Kd8 17. c4 Qxd4 18. cxd5 Qxb2 19. Rc1 cxd5 20. Qe2 Nc7 21. 0-0 dxe4 22. Qc4 1-0